Qu'est-ce qu'une programme d'enseignement?

Saved in:
Bibliographic Details
Format: Book
Language:French
Published: Paris : Hachette, 1994
Series:Ressources formation. Enjeux du systeme educatif
Subjects:
Tags: Add Tag
No Tags, Be the first to tag this record!

MARC

LEADER 00000nam a2200000 i 4500
001 1/22471
008 970711s1994 fre d
020 |a 2-01-170364-6 
035 |a 1995  |b 3  |c Χατζηνικήτα  |l 10036572 
040 |a GR-MY-UA  |b gre  |e aacr 
041 0 |a fre 
082 0 |a 370.1 
245 1 0 |a Qu'est-ce qu'une programme d'enseignement? /  |c coordone par Chantal Demonque 
260 |a Paris :   |b Hachette,   |c 1994 
300 |a 172 p. 
490 1 |a Ressources formation. Enjeux de systeme educatif 
650 0 0 |a Education  |x Aims and objectives. 
830 0 |a Ressources formation. Enjeux du systeme educatif 
852 |a INST  |b RHODES  |e 19970711  |h 370.1 QUE  |p 005400005136  |q 005400005136  |t BK  |y 0 
909 |a Ρ  |b 046553  |c 1995 
970 |z 2000/08/ΔΕΜΕΝΑΓΑΣ ΠΕΤΡΟΣ